Quản lý chất lượng môi trường
Gorde:
| Egile nagusia: | |
|---|---|
| Formatua: | Liburua |
| Hizkuntza: | Undetermined |
| Argitaratua: |
Tp.HCM
Đại học quốc gia Tp.HCM
2007
|
| Gaiak: | |
| Sarrera elektronikoa: | http://lrc.tdmu.edu.vn/opac/search/detail.asp?aID=2&ID=3407 |
| Etiketak: |
Etiketa erantsi
Etiketarik gabe, Izan zaitez lehena erregistro honi etiketa jartzen!
|
| Thư viện lưu trữ: | Trung tâm Học liệu Trường Đại học Thủ Dầu Một |
|---|
| LEADER | 00646nam a2200193Ia 4500 | ||
|---|---|---|---|
| 001 | TDMU_3407 | ||
| 008 | 210410s9999 xx 000 0 und d | ||
| 082 | |a 363.7068 (333.7068) | ||
| 090 | |b NG527 | ||
| 100 | |a Nguyễn, Thị Vân Hà | ||
| 245 | 0 | |a Quản lý chất lượng môi trường | |
| 245 | 0 | |c Nguyễn Thị Vân Hà | |
| 260 | |a Tp.HCM | ||
| 260 | |b Đại học quốc gia Tp.HCM | ||
| 260 | |c 2007 | ||
| 300 | |a 415tr. | ||
| 650 | |a Quản lý môi trường | ||
| 856 | |u http://lrc.tdmu.edu.vn/opac/search/detail.asp?aID=2&ID=3407 | ||
| 980 | |a Trung tâm Học liệu Trường Đại học Thủ Dầu Một | ||